Toutes les gares ferroviaires du Calvados - Statistiques

Statistiques générales
  • Ce quiz a été pris 15 fois
  • Le résultat moyen est 7 sur 20
Statistiques - réponses
Fréquentation annuelle Nom de la gare % Correct
4 255 508 Caen
100%
1 232 672 Lisieux
92%
662 073 Bayeux
75%
359 744 Mézidon-Canon
58%
25 986 Frénouville - Cagny
50%
211 039 Lison
50%
100 571 Vire
50%
75 554 Saint-Pierre-sur-Dives
33%
164 885 Pont-l'Evêque
25%
904 015 Trouville - Deauville
25%
22 271 Bretteville - Norrey
17%
48 274 Le Molay-Littry
17%
78 763 Moult - Argences
17%
7 353 Villers-sur-Mer
17%
32 667 Audrieu
8%
25 631 Dives-sur-Mer - Cabourg
8%
3 444 Dives-sur-Mer Port Guillaume
8%
16 448 Houlgate
8%
8 315 Le Grand Jardin
8%
3 177 Blonville-sur-Mer - Benerville
0%
Aucun quiz correspondant
Distribution des résultats
% des personnes avec chaque résultat
Percentile par nombre de réponses
Votre historique - résultats
Vous n’avez pas pris ce quiz